The other great wall: (Record no. 163373)
[ view plain ]
| 000 -LEADER | |
|---|---|
| fixed length control field | 00746nam a2200205 4500 |
| 005 - DATE AND TIME OF LATEST TRANSACTION | |
| control field | 20190411153558.0 |
| 010 ## - LCCN (DPL NO) | |
| LC control number | ENG-124986 |
| 020 ## - INTERNATIONAL STANDARD BOOK NUMBER | |
| International Standard Book Number | 9789387324480 |
| Terms of availability | 360.00 |
| 035 ## - SYSTEM CONTROL NUMBER | |
| System control number | EN-103518 |
| 037 ## - SOURCE OF ACQUISITION | |
| Source of stock number/acquisition | DBAD/PUB |
| 082 ## - DEWEY DECIMAL CLASSIFICATION NUMBER | |
| Classification number | 330.951 |
| 100 ## - MAIN ENTRY--PERSONAL NAME | |
| Personal name | Dhamodharan, Nappinnai |
| 245 ## - TITLE STATEMENT | |
| Title | The other great wall: |
| Remainder of title | China's urban-rural divide/ |
| Statement of responsibility, etc | by Nappinnai Dhamodharan, Kritajnya Raghunathan [and] Akanksha Soni |
| 260 ## - PUBLICATION, DISTRIBUTION, ETC. (IMPRINT) | |
| Place of publication, distribution, etc | New Delhi |
| Name of publisher, distributor, etc | KW Publishers |
| Date of publication, distribution, etc | 2018 |
| 270 ## - ADDRESS | |
| Address | 4676/21, First Floor, Ansari Road |
| City | Daryaganj, New Delhi |
| Postal code | 110002 |
| Telephone number | 011-23263498, 43528107 |
| Electronic mail address | kw@kwpub.com.www.kwpub.com |
| 300 ## - PHYSICAL DESCRIPTION | |
| Extent | xvi;61p. |
| Dimensions | 23cm(Pbk) |
| 700 ## - ADDED ENTRY--PERSONAL NAME | |
| Personal name | Raghunathan., Kritajnya |
| 700 ## - ADDED ENTRY--PERSONAL NAME | |
| Personal name | Soni, Akanksha |
| 942 ## - ADDED ENTRY ELEMENTS (KOHA) | |
| Source of classification or shelving scheme | Dewey Decimal Classification |
| Item type | English Books |
| Classification part | 330.951 |
| Call number suffix | DHA |
| Withdrawn status | Lost status | Not for loan | Collection code | Home library | Current library | Date acquired | Source of acquisition | Cost, normal purchase price | Full call number | Barcode | Copy number | Cost, replacement price | Koha item type |
|---|---|---|---|---|---|---|---|---|---|---|---|---|---|
| Not For Loan | Non-fiction | D.B.Act.Division | Ashok Vihar | 11/04/2019 | DBAD/PUB | 360.00 | 330.951 DHA | EN-108518 | 1 | 360.00 | English Books |
